000 00492nam a2200181Ia 4500
005 20250326123614.0
008 250326s9999 xx 000 0 und d
037 _aTextbook
040 _aFMSL
_beng
_cFMSL
041 _aeng
_2eng
084 _aB288 K3;L4
_qFMSL
100 _aFederer W
_9735608
245 0 _aExperimental design
_cFederer W
260 _aNew Delhi
_bNew Delhi, Oxford & IBH
_c1963
300 _a47p
942 _cTB
_hB288 K3;L4
999 _c1270122
_d1270122